| 000 | 00638nam a2200217Ia 4500 | ||
|---|---|---|---|
| 008 | 101110s9999 xx 000 0 und d | ||
| 041 | _aMARATHI | ||
| 082 | _bSR29936 | ||
| 100 | _aZamre G.N. | ||
| 245 | _aAntarrashtriya vyapar ani vitta (International trade & finance) | ||
| 260 |
_c2006 _bPimpalapure Publishers, Nagpur |
||
| 300 | _a434 | ||
| 365 | _b300 | ||
| 520 | _aCommerce | ||
| 546 | _aMARATHI | ||
| 630 | _aAntarrashtriya vyapar ani vitta (International trade & finance) | ||
| 650 | _aCommerce | ||
| 655 | _aCommerce | ||
| 730 | _aAntarrashtriya vyapar ani vitta (International trade & finance) | ||
| 942 | _cBOOK | ||
| 999 |
_c822444 _d822441 |
||